00676nam a2200145 a 4500008004100000050001900041100002500060245008900085246002200174260010800196350000900304995007800313999001700391952012200408120416s2003 ||||||||||||||||| || u aTHESIS/STUDENT aLukwesa, Christopher13aAn assessment of youth vocational training schemes and employment creation in Zambia athe case of Kitwe aKitwebCopperbelt University, School of Built Environment, Deaprtment Urban and Regional Planningc2003 a0.00 D0.00FCBU-MAIN LIBRARY (Kitwe)H1I0.00UAVAILABLEZUniversity Collection c35180d35180 00102lcc4070a001b001cUniversity Collectiond2022-11-30l0oTHESIS/STUDENTp9016102r2022-11-30w2022-11-30y002